00482nam a2200193 a 4500001001300000003000900013005001700022008004100039020001000080082001600090100002200106245001800128260003500146300000900181500003500190505001000225650003100235700002200266nice12345678IN_TiNIC20260116012120.0050524s0000 newa grp 000 0 eng  ac10000a235.47bROB aRobinson, William aDevil and God aNew YorkbAbingdon Pressc0000 a125p aincludes index and biblioraphy2 aNotes aGood and Evil-Christianity1 aRobinson, William